| 000 | 00478nam a2200205Ia 4500 | ||
|---|---|---|---|
| 003 | OSt | ||
| 005 | 20220918173833.0 | ||
| 006 | a|||||r|||| 00| 0 | ||
| 007 | ta | ||
| 008 | 220917b |||||||| |||| 00| 0 eng d | ||
| 024 | _a8,618 | ||
| 037 | _cTextual | ||
| 040 |
_aARTS _cARTS _beng |
||
| 041 |
_2eng _aeng |
||
| 082 | _a9z7, K5.11 | ||
| 245 | 0 | _aPerspectives number 11, 1955 | |
| 260 | _c1952 | ||
| 942 |
_h9z7, K5.11 _cTEXL _2CC |
||
| 999 |
_c150376 _d150376 |
||